Central Library OPAC University of Rajshahi

Titrations in non-aqueous solvents / (Record no. 69143)

MARC details
000 -LEADER
fixed length control field 00808nam a2200253 a 4500
001 - CONTROL NUMBER
control field 69143
003 - CONTROL NUMBER IDENTIFIER
rucl marc code BD-RjUL
005 - DATE AND TIME OF LATEST TRANSACTION
control field 20211209081843.0
008 - FIXED-LENGTH DATA ELEMENTS--GENERAL INFORMATION
fixed length control field 170410s1962 ne a b 000 0 eng d
035 ## - SYSTEM CONTROL NUMBER
System control number (BD-RjUL)69354
040 ## - CATALOGING SOURCE
Original cataloging agency DLC
Transcribing agency PQC
Modifying agency SER
-- EQO
-- BD-RjUL
Language of cataloging eng
041 1# - LANGUAGE CODE
Language code of text/sound track or separate title eng
Language code of original rus
082 ## - DEWEY DECIMAL CLASSIFICATION NUMBER
Classification number 543.24
Edition number 23
Author mark and year KUT 1962
100 1# - MAIN ENTRY--PERSONAL NAME
Personal name Kucharskʹy, Jir̆ʹi.
9 (RLIN) 204841
245 10 - TITLE STATEMENT
Title Titrations in non-aqueous solvents /
Statement of responsibility, etc. by Jiri Kucharsky and Ludek Safarik.
250 ## - EDITION STATEMENT
Edition statement 1st English ed., rev. and enl.
260 ## - PUBLICATION, DISTRIBUTION, ETC. (IMPRINT)
Place of publication, distribution, etc. Amsterdam ;
-- New York :
Name of publisher, distributor, etc. Elsevier Pub Co.,
Date of publication, distribution, etc. 1965.
300 ## - PHYSICAL DESCRIPTION
Pagination xi, 286 p. :
Illustrations ill. ;
Size 24 cm.
504 ## - BIBLIOGRAPHY, ETC. NOTE
Bibliography, etc Includes bibliographies and Indexes
650 #0 - SUBJECT ADDED ENTRY--TOPICAL TERM
Topical term or geographic name as entry element Volumetric analysis.
9 (RLIN) 204842
700 1# - ADDED ENTRY--PERSONAL NAME
Personal name Šafařík, Luděk.
942 ## - ADDED ENTRY ELEMENTS (KOHA)
Source of classification or shelving scheme Dewey Decimal Classification
Koha item type Books
Holdings
Lost status Source of classification or shelving scheme Damaged status Not for loan Collection code Permanent Location Current Location Shelving location Date acquired Source of acquisition Cost, normal purchase price Total Checkouts Full call number Date last seen Copy number Koha item type
  Dewey Decimal Classification   Not For Loan Non-fiction Central Library, University of Rajshahi Central Library, University of Rajshahi Reading Room 03/04/1967 Book Centre 60.00   543.24 KUT 1962 10/04/2017 C-1 Books